Sampling methods for censuses and surveys / (Record no. 35093)
[ view plain ]
| 000 -LEADER | |
|---|---|
| fixed length control field | 00778nam a22002771 4500 |
| 001 - CONTROL NUMBER | |
| control field | 35093 |
| 003 - CONTROL NUMBER IDENTIFIER | |
| rucl marc code | BD-RjUL |
| 005 - DATE AND TIME OF LATEST TRANSACTION | |
| control field | 20211209052246.0 |
| 008 - FIXED-LENGTH DATA ELEMENTS--GENERAL INFORMATION | |
| fixed length control field | 140521s1960 enk 001 0 eng d |
| 035 ## - SYSTEM CONTROL NUMBER | |
| System control number | (BD-RjUL)35187 |
| System control number | (OCoLC)165868 |
| 040 ## - CATALOGING SOURCE | |
| Original cataloging agency | DLC |
| Transcribing agency | ODaWU |
| Modifying agency | DLC |
| -- | BD-RjUL |
| Language of cataloging | eng |
| 041 ## - LANGUAGE CODE | |
| Language code of text/sound track or separate title | eng |
| 082 ## - DEWEY DECIMAL CLASSIFICATION NUMBER | |
| Classification number | 519.52 |
| Edition number | 19 |
| Author mark and year | YAS 1960 |
| 100 1# - MAIN ENTRY--PERSONAL NAME | |
| Personal name | Yates, Frank. |
| 9 (RLIN) | 5173 |
| 245 10 - TITLE STATEMENT | |
| Title | Sampling methods for censuses and surveys / |
| Statement of responsibility, etc. | Frank Yates |
| 250 ## - EDITION STATEMENT | |
| Edition statement | 3d ed. rev. and enl. |
| 260 ## - PUBLICATION, DISTRIBUTION, ETC. (IMPRINT) | |
| Place of publication, distribution, etc. | London : |
| Name of publisher, distributor, etc. | Charles Griffin & Company, |
| Date of publication, distribution, etc. | 1960. |
| 300 ## - PHYSICAL DESCRIPTION | |
| Pagination | 440 p. : |
| Illustrations | ill. ; |
| Size | 23 cm. |
| 504 ## - BIBLIOGRAPHY, ETC. NOTE | |
| Bibliography, etc | Includes Index |
| 650 #0 - SUBJECT ADDED ENTRY--TOPICAL TERM | |
| Topical term or geographic name as entry element | Sampling (Statistics) |
| 9 (RLIN) | 106855 |
| Topical term or geographic name as entry element | Census. |
| 9 (RLIN) | 5174 |
| 942 ## - ADDED ENTRY ELEMENTS (KOHA) | |
| Source of classification or shelving scheme | Dewey Decimal Classification |
| Koha item type | Books |
| Lost status | Source of classification or shelving scheme | Damaged status | Not for loan | Collection code | Permanent Location | Current Location | Shelving location | Date acquired | Source of acquisition | Cost, normal purchase price | Total Checkouts | Full call number | Date last seen | Copy number | Koha item type |
|---|---|---|---|---|---|---|---|---|---|---|---|---|---|---|---|
| Dewey Decimal Classification | Non-fiction | Central Library, University of Rajshahi | Central Library, University of Rajshahi | 16/01/1965 | Zeitlinger | 54.00 | 519.52 YAS 1960 | 21/05/2014 | C-4 | Books | |||||
| Dewey Decimal Classification | Non-fiction | Central Library, University of Rajshahi | Central Library, University of Rajshahi | 04/04/1970 | Zeitlinger | 58.00 | 519.52 YAS 1965 | 21/05/2014 | C-2 | Books | |||||
| Dewey Decimal Classification | Non-fiction | Central Library, University of Rajshahi | Central Library, University of Rajshahi | 04/04/1970 | Zeitlinger | 58.00 | 519.52 YAS 1965 | 21/05/2014 | C-3 | Books | |||||
| Dewey Decimal Classification | Non-fiction | Central Library, University of Rajshahi | Central Library, University of Rajshahi | 04/04/1970 | Zeitlinger | 58.00 | 519.52 YAS 1965 | 21/05/2014 | C-5 | Books | |||||
| Dewey Decimal Classification | Non-fiction | Central Library, University of Rajshahi | Central Library, University of Rajshahi | 04/04/1970 | Zeitlinger | 58.00 | 519.52 YAS 1965 | 21/05/2014 | C-6 | Books | |||||
| Dewey Decimal Classification | Non-fiction | Central Library, University of Rajshahi | Central Library, University of Rajshahi | 04/04/1970 | Zeitlinger | 58.00 | 519.52 YAS 1960 | 21/05/2014 | C-7 | Books | |||||
| Dewey Decimal Classification | Not For Loan | Non-fiction | Central Library, University of Rajshahi | Central Library, University of Rajshahi | Reading Room | 04/04/1970 | Zeitlinger | 58.00 | 519.52 YAS 1960 | 21/05/2014 | C-1 | Books | |||
| Dewey Decimal Classification | Non-fiction | Central Library, University of Rajshahi | Central Library, University of Rajshahi | 19/11/1965 | Zeitlinger | 54.00 | 519.52 YAS 1960 | 21/05/2014 | C-8 | Books | |||||
| Dewey Decimal Classification | Non-fiction | Central Library, University of Rajshahi | Central Library, University of Rajshahi | 23/02/1966 | Mirja Book Agency | 40.50 | 519.52 YAS 1960 | 21/05/2014 | C-10 | Books | |||||
| Dewey Decimal Classification | Non-fiction | Central Library, University of Rajshahi | Central Library, University of Rajshahi | 19/11/1965 | Zeit | 54.00 | 519.52 YAS 1960 | 22/05/2014 | C-9 | Books |